Statistics for 20 World Capitals closer to Bujumbura than to Gitega

Click here to take the quiz!

General Stats

  • This quiz has been taken 23 times
  • The average score is 18 of 20

Answer Stats

%Capital% Correct
2.01%Abuja
100%
1.77%Accra
100%
3.84%Kinshasa
100%
1.25%Freetown
95%
1.82%Lomé
95%
2.98%Luanda
95%
1.96%N'Djamena
95%
1.31%Bamako
90%
3.83%Brazzaville
90%
1.22%Conakry
90%
2.71%Libreville
90%
1.55%Niamey
90%
1.88%Porto-Novo
90%
2.47%Malabo
85%
1.34%Monrovia
85%
1.49%Ouagadougou
85%
2.41%São Tomé
85%
2.74%Yaoundé
85%
3.56%Bangui
75%
1.52%Yamoussoukro
70%

Score Distribution

Percentile by Number Answered

Percent of People with Each Score

Your Score History

You have not taken this quiz